UK or US? Bands 2 - Statistics

General Stats
  • This quiz has been taken 54 times
  • The average score is 14 of 20
Answer Stats
Question Answer % Correct
Pulp UK
89%
Oasis UK
89%
Blur UK
83%
the Cure UK
83%
Black Sabbath UK
78%
WHAM UK
78%
Joy Divison UK
72%
Pixies US
72%
the Monkees US
72%
the Lovin' Spoonful US
72%
Television US
72%
the Strokes US
67%
the Stooges US
67%
Backstreet Boys US
67%
Cream UK
61%
the Yardbirds UK
61%
Soundgarden US
61%
Rage Against the Machine US
61%
Take That UK
56%
Alice in Chains US
56%
No matching quizzes found
Score Distribution
Percent of People with Each Score
Percentile by Number Answered
Your Score History
You have not taken this quiz